000 00390nam a2200145Ia 4500
008 231129s1989||||xx |||||||||||||| ||spa||
020 _a958-28-0012-7
040 _bspa
082 _a613 C692t
100 _aColeman Vernon
245 0 _aTest a su salud
260 _c1989
264 _aBogotá Colombia : Cí­rculo de Lectores
942 _2ddc
_cBKS
999 _c25311
_d25311